Sustainable Insect Pest Management / (Record no. 36787)
[ view plain ]
| 000 -LEADER | |
|---|---|
| fixed length control field | 00563nam a22001817a 4500 |
| 005 - DATE AND TIME OF LATEST TRANSACTION | |
| control field | 20241122114617.0 |
| 008 - FIXED-LENGTH DATA ELEMENTS--GENERAL INFORMATION | |
| fixed length control field | 241122b |||||||| |||| 00| 0 eng d |
| 020 ## - INTERNATIONAL STANDARD BOOK NUMBER | |
| ISBN | 978-969-8237-91-2 |
| 082 ## - DEWEY DECIMAL CLASSIFICATION NUMBER | |
| Classification number | 632.9 |
| Item number | JAL-S |
| 100 ## - MAIN ENTRY--AUTHOR | |
| Author Name | M Jalal Arif |
| 245 ## - TITLE STATEMENT | |
| Title | Sustainable Insect Pest Management / |
| Statement of responsibility, etc. | by M Jala Arif, John E Foster, Jaime Molina-Ochoa |
| 260 ## - PUBLICATION, DISTRIBUTION, ETC. | |
| Place of Publication | Pakistan : |
| Name of publisher, distributor, etc. | MAS Computer Press : |
| Date of publication, distribution, etc. | 2017. |
| 300 ## - PHYSICAL DESCRIPTION | |
| Pages | vii, 341 p. : |
| 500 ## - GENERAL NOTE | |
| General note | Include Index. |
| 650 ## - SUBJECT ADDED ENTRY--TOPICAL TERM | |
| Subject / Department | Art & Design / Agriculture |
| 700 ## - ADDED ENTRY--PERSONAL NAME | |
| Personal name | Foster; John E |
| 300 ## - PHYSICAL DESCRIPTION | |
| -- | ill ; |
| -- | 26 cm. |
| 952 ## - LOCATION AND ITEM INFORMATION (KOHA) | |
| -- | 0 |
| -- | 0 |
| Lost status | Damaged status | Collection code | Permanent Location | Current Location | Shelving Location | Date acquired | Full Call Number | Accession No./Barcode | Date last seen | Copy number | item type | Koha item type |
|---|---|---|---|---|---|---|---|---|---|---|---|---|
| Agriculture and Veterinary | Superior Information Resource Center (SIRC) Superior University- Central Library | Superior Information Resource Center (SIRC) Superior University- Central Library | Agriculture | 11/22/2024 | 632.9 JAL-S 2017 | 29777 | 11/22/2024 | 1 | BOOK | BOOK |
